logo

Bir Sreshtho Munshi Abdur Rouf Library
Jhenaidah Cadet College

একুশে ফেব্রুয়ারি আন্তর্জাতিক মাতৃভাষা দিবস / (Record no. 2452)

MARC details
000 -LEADER
fixed length control field 00794nam a2200205 a 4500
001 - CONTROL NUMBER
JCCL Control Number 2452
003 - CONTROL NUMBER IDENTIFIER
JCCL marc code BD-JhCC
005 - DATE AND TIME OF LATEST TRANSACTION
control field 20171105180958.0
008 - FIXED-LENGTH DATA ELEMENTS--GENERAL INFORMATION
fixed length control field 171102s2001 bg ||||| |||| 00| 0 ben d
035 ## - SYSTEM CONTROL NUMBER
system control number (BD-JhCC)
040 ## - CATALOGING SOURCE
Original cataloging agency BD-JhCC
Modifying agency BD-JhCC
041 ## - LANGUAGE CODE
Language code of Book ben
082 ## - DEWEY DECIMAL CLASSIFICATION NUMBER
Classification number 320.014
Author mark and Year HUS 2001
100 ## - MAIN ENTRY--PERSONAL NAME
Personal name হুসাইন, সা‘দত
245 ## - TITLE STATEMENT
Title একুশে ফেব্রুয়ারি আন্তর্জাতিক মাতৃভাষা দিবস /
Statement of responsibility, etc ড. সা‘দত হুসাইন
260 ## - PUBLICATION, DISTRIBUTION, ETC. (IMPRINT)
Place of publication, distribution, etc ঢাকা :
Name of publisher, distributor, etc জাতীয় শিক্ষাক্রম ও পাঠ্যপুস্তক বোর্ড ;
Date of publication, distribution, etc ২০০১
300 ## - PHYSICAL DESCRIPTION
Pagination ৩৫ পৃ. ;
Dimensions ২২ সেমি
650 ## - SUBJECT ADDED ENTRY--TOPICAL TERM
Topical term or geographic name as entry element International Mother language
942 ## - ADDED ENTRY ELEMENTS (KOHA)
Source of classification or shelving scheme Dewey Decimal Classification
Koha item type Books
Holdings
Source of classification or shelving scheme Damaged status Not for loan Home library Current library Shelving location Date of accession Total Checkouts Full call number Barcode Date last seen Copy number Koha item type Cost, normal purchase price
Dewey Decimal Classification     JCC Rouf Library JCC Rouf Library General Stacks 11/02/2017   320.014 HUS 2001 3618 11/02/2017 C-1 Books  
Dewey Decimal Classification     JCC Rouf Library JCC Rouf Library   11/19/2017   320.014 HUS 2001 5596 11/19/2017 C-1 Books 20.00

JCC Library | Contacts | JCC Home

Last Update on 23 September 2017
Copyright @ 2017-2020 JCC Rouf Library
Rouf Library, Jhenidah Cadet College (JCC), Bangladesh